00453cam a22001931 4500001001300000003000400013005001700017008004100034010001700075035002000092040001800112042001200130050001900142100003400161245001700195260001100212300001900223999001700242sa 68004124 DLC20260227112459.0881028s1967 xx 000 0 beno  asa 68004124  a(OCoLC)23536945 aDLCcMiUdDLC apremarc00aPK1718.B39bP71 aBasu, Samareśa,d1924-1988.10aPrajāpati. c[1967] a187 p.c22 cm. c79982d79982